Hannah Montana Franchise - Statistics

General Stats
  • This quiz has been taken 23 times
  • The average score is 5 of 34
Answer Stats
Type Year Name Year % Correct
TV Show 2006-2011 Hannah Montana Disney Channel
100%
Video Game 2006 Hannah Montana Buena Vista Games
100%
Film 2009 Hannah Montana: The Movie Disney
100%
Novel 2009 Hannah Montana: The Movie Bruce Graeme
100%
Video Game 2009 Hannah Montana: The Movie Disney Interactive
100%
Concert Film 2008 Hannah Montana and Miley Cyrus: Best of Both Worlds Concert Disney
24%
Concert Tour 2007-2008 Best of Both Worlds Tour North America
6%
TV Concert 2007 Hannah Montana: Live in London Disney XD
6%
Novel 2009 In the Loop Suzanne Harper
6%
Novel 2007 Crush-Tastic! Beth Beechwood
0%
Novel 2008 Don't Bet On It Beth Beechwood / Ann Lloyd
0%
Novel 2006 Face-Off Alice Alfonsi
0%
Novel 2007 Face the Music Beth Beechwood
0%
Novel 2008 Game of Hearts M. C. King
0%
Video Game 2007 Hannah Montana: Music Jam Disney Interactive
0%
Video Game 2009 Hannah Montana: Rock Out the Show Disney Interactive
0%
Video Game 2007 Hannah Montana: Spotlight World Tour Disney Interactive
0%
Novel 2009 Hit or Miss Laurie McElroy
0%
Novel 2007 Hold On Tight Laurie McElroy
0%
Novel 2006 Keeping Secrets Beth Beechwood
0%
Novel 2007 Nightmare on Hannah Street Laurie McElroy
0%
Novel 2009 One of a Kind Laurie McElroy
0%
Novel 2008 On the Road Kitty Richards
0%
Novel 2009 Reality Check Bruce Graeme
0%
Novel 2008 Rock the Waves Suzanne Harper
0%
Novel 2007 Seeing Green Alice Alfonsi / M. C. King
0%
Novel 2006 Super Sneak Laurie McElroy
0%
Novel 2009 Superstar Secrets M. C. King
0%
Novel 2008 Sweet Revenge M. C. King
0%
Novel 2009 Swept Up Suzanne Harper
0%
Novel 2008 True Blue Laurie McElroy
0%
Novel 2007 Truth or Dare M. C. King
0%
Novel 2008 Win or Lose Heather Alexander / Beth Beechwood
0%
Novel 2009 Wishful Thinking Laurie McElroy
0%
No matching quizzes found
Score Distribution
Percent of People with Each Score
Percentile by Number Answered
Your Score History
You have not taken this quiz